header

In other Los Angeleses (Record no. 76111)

MARC details
000 -LEADER
fixed length control field 01362nam a22003134a 4500
082 04 - DEWEY DECIMAL CLASSIFICATION NUMBER
Classification number 700/.9794/94
100 1# - MAIN ENTRY--AUTHOR NAME
Personal name Cheng, Meiling,
245 10 - TITLE STATEMENT
Title In other Los Angeleses
260 ## - PUBLICATION, DISTRIBUTION, ETC. (IMPRINT)
Place of publication Berkeley :
Name of publisher University of California Press,
Year of publication c2002.
300 ## - PHYSICAL DESCRIPTION
Number of Pages xxxiv, 407 p. :
Other physical details ill.
500 ## - GENERAL NOTE
General note "Published in association with the Southern California Studies Center of the University of Southern California."
650 #0 - SUBJECT ADDED ENTRY--TOPICAL TERM
Topical Term Performance art
856 40 - ELECTRONIC LOCATION AND ACCESS
Uniform Resource Identifier http://site.ebrary.com/lib/rucke/Doc?id=10051529

No items available.

© 2026 Rongo University
Contact us: librarian | system librarian | Rongo university